| 000 -LEADER |
| fixed length control field |
00462nam a2200205Ia 4500 |
| 001 - CONTROL NUMBER |
| control field |
12975 |
| 003 - CONTROL NUMBER IDENTIFIER |
| control field |
GE_BSU |
| 008 - FIXED-LENGTH DATA ELEMENTS--GENERAL INFORMATION |
| fixed length control field |
181216s||||||||xx |||||||||||||| ||und|| |
| 020 ## - INTERNATIONAL STANDARD BOOK NUMBER |
| International Standard Book Number |
0380724332 |
| 040 ## - CATALOGING SOURCE |
| Transcribing agency |
GE_BSU |
| 080 ## - UNIVERSAL DECIMAL CLASSIFICATION NUMBER |
| Universal Decimal Classification number |
821.111-32.1 |
| 100 ## - MAIN ENTRY--PERSONAL NAME |
| Personal name |
Jance J.A; Mustery Brady Joanna A. |
| 245 ## - TITLE STATEMENT |
| Title |
Skeleton Canyon. |
| 260 ## - PUBLICATION, DISTRIBUTION, ETC. |
| Place of publication, distribution, etc. |
New York. |
| 260 ## - PUBLICATION, DISTRIBUTION, ETC. |
| Name of publisher, distributor, etc. |
Avon Books. |
| 260 ## - PUBLICATION, DISTRIBUTION, ETC. |
| Date of publication, distribution, etc. |
1997 |
| 300 ## - PHYSICAL DESCRIPTION |
| Extent |
387p;18cm. |
| 653 ## - INDEX TERM--UNCONTROLLED |
| Uncontrolled term |
Skeleton Canyon. |
| 942 ## - ADDED ENTRY ELEMENTS (KOHA) |
| Koha item type |
წიგნი |